| 000 | 00525nam a22001577a 4500 | ||
|---|---|---|---|
| 999 |
_c936 _d936 |
||
| 008 | 200101b ||||| |||| 00| 0 eng d | ||
| 082 | 0 | 0 |
_a621.3133 _bD743 |
| 100 |
_9503 _aDover, A.T. |
||
| 245 | 1 | 0 |
_aTheory and practice of alternating currents: General Principles, circuits, instruments, measurements transformers, machines symmetrical components _cby A T Dover |
| 250 | _a3rd | ||
| 260 |
_aLondon _bSir Isaac Pitman & Sons _c1947 |
||
| 300 | _axvi,591p. | ||
| 365 | _d16.14 | ||
| 650 | 0 | _aElectrical Engineering | |
| 942 | _cBK | ||